000 00409nam a2200181Ia 4500
001 10414
005 20260306161830.0
008 260306t2010||||xx |||||||||||||| ||spa||
041 _aESP
082 _a923.5
_bL595A
100 _aLynch, John
_eAUT
245 0 _aSimón Bolívar
260 _c2010
300 _ax, 978 páginas :
_c19 cm.
650 _aGEN
654 _aCHU
942 _cLIB
_dJUS
_fJUS
_2ddc
_n
999 _c10414
_d10414